000 00765cam a22002773a 4500
001 1300
003 PGUSA
005 20140828082959.0
008 980501s1998||||xxu|||||s|||||000 1 eng d
040 _aPGUSA
_beng
042 _adc
050 4 _aPS
100 1 _aGrey, Zane,
_d1872-1939
245 1 0 _aRiders of the Purple Sage
_h[electronic resource] /
_cZane Grey
260 _bProject Gutenberg,
_c1998
506 _aPublic domain in the USA.
516 _aElectronic text
653 _aWestern stories
653 _aWomen ranchers -- Fiction
653 _aMormon women -- Fiction
653 _aPolygamy -- Fiction
653 _aUtah -- Fiction
830 0 _aProject Gutenberg
_v1300
856 4 0 _uhttp://www.gutenberg.org/ebooks/1300
942 _cEB
999 _c230648
_d230648